| 000 | 01067nam0a22002531 4500 | ||
|---|---|---|---|
| 001 | RU\NLR\INFOCOMM_46\5000724465 | ||
| 005 | 20250613101827.0 | ||
| 035 | _a(NLR Aleph) 009395428 | ||
| 090 |
_a8069981 _c8069981 |
||
| 100 | _a20110117d1926 |||y0rusy50 ca | ||
| 101 | 0 | _ager | |
| 102 | _aRU | ||
| 105 | _ay ||||000|y | ||
| 200 | 1 |
_aBeitrag zur Pathogenese der Osteomyelitis des Oberkiefers im Säuglingsalter _eInaugural-Dissertation ... der ... Medizinischen Fakultät der Albertus-Universität zu Königsberg i. Pr. _fvorgelegt von Isaak Grünstein, approb. Arzt _gAus der Universitäts-Hals-, Nasen- u. Ohrenklinik zu Königsberg Pr. Director: Prof. ... Dr. Stenger |
|
| 210 |
_aKönigsberg Pr. _cJohann Raabe _d1926 |
||
| 215 |
_a28, IV, [1] с. _d22 см |
||
| 320 | _aБиблиогр.: с. I-IV | ||
| 606 |
_aОстеомиелит челюсти грудных детей _xПатогенез _2nlr_sh1 |
||
| 700 | 1 |
_aGrünstein _bI. _gIsaak _4070 |
|
| 801 | 1 |
_aRU _bNLR _c20110117 |
|
| 801 | 0 |
_aRU _bNLR _gPSBO |
|
| 852 |
_aNLR _jЕ11/1984 |
||
| 942 | _cBOOK | ||
| 980 | _aNB | ||